| 000 | 00638nam a2200193Ia 4500 | ||
|---|---|---|---|
| 005 | 20250508162226.0 | ||
| 008 | 008 250505s9999 xx 000 0 eng d | ||
| 020 | _a0-335-05372-6 | ||
| 037 | _aTextual | ||
| 040 |
_aFEDL _beng _cFEDL |
||
| 041 |
_aeng _2eng |
||
| 084 |
_a294.5, OPE _qFEDL |
||
| 245 | 0 | _aHindu patterns of liberation | |
| 260 |
_aMilton Keynes _bOpen University Press _c1978 |
||
| 300 | _a49p. | ||
| 546 | _aUnit 6 The making of early hinduism; Unit 7 Classical hindu philosophy and theology; Unit 8 Modern hinduism : Gandhi and Aurobindo | ||
| 942 |
_cTEXL _h294.5, OPE |
||
| 999 |
_c1375214 _d1375214 |
||